WWE - Eddie Guerrero's PPV Opponents - Statistics

General Stats
  • This quiz has been taken 734 times
  • The average score is 57 of 80
Answer Stats
Year Event Match Type Answer % Correct
2002 Survivor Series 3-Team Elimination Match Rey Mysterio
96%
2005 WrestleMania 21 Rey Mysterio
96%
2005 Judgment Day Rey Mysterio
96%
2005 The Great American Bash Rey Mysterio
96%
2005 SummerSlam Custody of Dominick Ladder Match Rey Mysterio
96%
2001 No Way Out Fatal 4-Way Match Chris Benoit
94%
2002 Rebellion Tag Team Match Chris Benoit
94%
2002 Survivor Series 3-Team Elimination Match Chris Benoit
94%
2002 Armageddon Chris Benoit
94%
2003 WrestleMania XIX 3-Team Match Chris Benoit
94%
2003 Vengeance Chris Benoit
94%
2003 SummerSlam Fatal 4-Way Match Chris Benoit
94%
2005 ECW One Night Stand Chris Benoit
94%
2002 Rebellion Tag Team Match Kurt Angle
93%
2002 Survivor Series 3-Team Elimination Match Kurt Angle
93%
2004 WrestleMania XX Kurt Angle
93%
2004 SummerSlam Kurt Angle
93%
2004 Survivor Series 4 vs 4 Elimination Match Kurt Angle
93%
2002 SummerSlam Edge
89%
2002 Unforgiven Edge
89%
2002 Survivor Series 3-Team Elimination Match Edge
89%
2004 No Way Out Brock Lesnar
88%
2004 Judgment Day John Bradshaw Layfield
87%
2004 The Great American Bash John Bradshaw Layfield
87%
2004 Armageddon Fatal 4-Way Match John Bradshaw Layfield
87%
2005 No Mercy Batista
84%
2000 Armageddon 6-Person Tag Team Match Jeff Hardy
84%
2000 Armageddon 6-Person Tag Team Match Matt Hardy
84%
2001 Backlash Triple Threat Match Matt Hardy
84%
2000 Insurrextion Chris Jericho
83%
2001 No Way Out Fatal 4-Way Match Chris Jericho
83%
2003 No Mercy The Big Show
81%
2004 Armageddon Fatal 4-Way Match The Undertaker
81%
2001 Backlash Triple Threat Match Christian
80%
2002 Vengeance Tag Team Tables Match Bubba Ray Dudley
76%
2004 Royal Rumble Chavo Guerrero
76%
2002 Backlash Rob Van Dam
76%
2002 Insurrextion Rob Van Dam
76%
2002 Judgment Day Rob Van Dam
76%
2004 Armageddon Fatal 4-Way Match Booker T
75%
2000 WrestleMania 2000 6-Person Tag Team Match Chyna
75%
2000 Survivor Series 4 vs 4 Elimination Match Chyna
75%
2000 Rebellion Mixed Tag Team Match Chyna
75%
2002 Vengeance Tag Team Tables Match Spike Dudley
74%
2003 WrestleMania XIX 3-Team Match Shelton Benjamin
70%
2003 Backlash Tag Team Match Shelton Benjamin
70%
2003 Judgment Day Tag Team Ladder Match Shelton Benjamin
70%
2001 WrestleMania X-Seven Test
68%
2003 WrestleMania XIX 3-Team Match Charlie Haas
65%
2003 Backlash Tag Team Match Charlie Haas
65%
2003 Judgment Day Tag Team Ladder Match Charlie Haas
65%
2000 Survivor Series 4 vs 4 Elimination Match Billy Gunn
63%
2000 Rebellion Mixed Tag Team Match Billy Gunn
63%
2000 Judgment Day Triple Threat Match Dean Malenko
62%
2000 Survivor Series 4 vs 4 Elimination Match Road Dogg
62%
2001 No Way Out Fatal 4-Way Match X-Pac
62%
2000 Judgment Day Triple Threat Match Perry Saturn
61%
2000 Fully Loaded Perry Saturn
61%
2000 Unforgiven Rikishi
59%
2000 Armageddon 6-Person Tag Team Match Lita
54%
2003 WrestleMania XIX 3-Team Match Rhyno
53%
2003 SummerSlam Fatal 4-Way Match Rhyno
53%
2000 WrestleMania 2000 6-Person Tag Team Match Scotty 2 Hotty
53%
2002 King of the Ring Ric Flair
52%
2000 SummerSlam Mixed Tag Team Match Trish Stratus
52%
2000 WrestleMania 2000 6-Person Tag Team Match Grandmaster Sexay
51%
2003 Survivor Series Tag Team Match Danny Basham
44%
2005 No Way Out Tag Team Match Danny Basham
44%
2003 Survivor Series Tag Team Match Doug Basham
44%
2005 No Way Out Tag Team Match Doug Basham
44%
2003 SummerSlam Fatal 4-Way Match Tajiri
44%
2000 King of the Ring KOTR Quarter-Finals Val Venis
44%
2000 SummerSlam Mixed Tag Team Match Val Venis
44%
2004 Survivor Series 4 vs 4 Elimination Match Carlito
43%
2001 Insurrextion Grandmaster Sexay
40%
2004 No Mercy Luther Reigns
40%
2004 Survivor Series 4 vs 4 Elimination Match Luther Reigns
40%
2004 Survivor Series 4 vs 4 Elimination Match Mark Jindrak
35%
2000 Backlash Essa Rios
28%
2000 Survivor Series 4 vs 4 Elimination Match K-Kwik
24%
No matching quizzes found
Score Distribution
Percent of People with Each Score
Percentile by Number Answered
Your Score History
You have not taken this quiz